Illuminating social life: Classical and Contemporary theory reuisited. (Record no. 156244)
[ view plain ]
| 000 -LEADER | |
|---|---|
| fixed length control field | 00628nam a2200217Ia 4500 |
| 003 - CONTROL NUMBER IDENTIFIER | |
| control field | OSt |
| 005 - DATE AND TIME OF LATEST TRANSACTION | |
| control field | 20230328150357.0 |
| 008 - FIXED-LENGTH DATA ELEMENTS--GENERAL INFORMATION | |
| fixed length control field | 210423s2008 xx 000 0 und d |
| 020 ## - INTERNATIONAL STANDARD BOOK NUMBER | |
| International Standard Book Number | 9781412952361 |
| 040 ## - CATALOGING SOURCE | |
| Transcribing agency | AL |
| 041 ## - LANGUAGE CODE | |
| Language code of text/sound track or separate title | eng |
| 082 ## - DEWEY DECIMAL CLASSIFICATION NUMBER | |
| Classification number | 301 KIVP |
| 100 ## - MAIN ENTRY--PERSONAL NAME | |
| Personal name | KIVISTO (Peter),Ed. |
| 9 (RLIN) | 79078 |
| 245 ## - TITLE STATEMENT | |
| Title | Illuminating social life: Classical and Contemporary theory reuisited. |
| 250 ## - EDITION STATEMENT | |
| Edition statement | 4 |
| 260 ## - PUBLICATION, DISTRIBUTION, ETC. | |
| Place of publication, distribution, etc. | New Delhi |
| Name of publisher, distributor, etc. | Pine Forge Press |
| Date of publication, distribution, etc. | 2008 |
| 300 ## - PHYSICAL DESCRIPTION | |
| Extent | xvi,368 |
| Other physical details | PB |
| 365 ## - TRADE PRICE | |
| Price amount | 1946 |
| Currency code | INR |
| 906 ## - LOCAL DATA ELEMENT F, LDF (RLIN) | |
| a | Classical ; Contemporary ; Illuminating ; life. ; life: ; reuisited. ; social ; theory |
| 942 ## - ADDED ENTRY ELEMENTS (KOHA) | |
| Source of classification or shelving scheme | Dewey Decimal Classification |
| Koha item type | Book |
| Withdrawn status | Lost status | Damaged status | Not for loan | Collection code | Home library | Current library | Date acquired | Source of acquisition | Cost, normal purchase price | Total Checkouts | Full call number | Barcode | Date last seen | Price effective from | Koha item type |
|---|---|---|---|---|---|---|---|---|---|---|---|---|---|---|---|
| MAJMC | St Aloysius PG Library | St Aloysius PG Library | 10/01/2008 | Athulya Books | 1946.00 | 301 KIVP | PG002717 | 08/24/2022 | 04/26/2021 | Book |